Les 3 meilleurs footballeurs par pays #6 - Statistiques

Statistiques générales
  • Ce quiz a été pris 170 fois
  • Le résultat moyen est 4 sur 15
Statistiques - réponses
Pays Postes Club principal Joueurs % Correct
Egypte Attaquant FC Liverpool Mohamed Salah
100%
Ghana Milieu de terrain FC Chelsea Michael Essien
69%
Nigéria Milieu Offensif Paris Saint Germain Jay-Jay Okocha
67%
Mali Milieu de terrain FC Barcelone Seydou Keïta
41%
Nigéria Gardien de but Losc Lille Vincent Enyeama
37%
Nigéria Attaquant FC Arsenal Nwankwo Kanu
27%
Ghana Attaquant Sunderland Asamoah Gyan
22%
Mali Attaquant FC Séville Frédéric Kanouté
18%
Ghana Défenseur Central Bayern Munich Samuel Kuffour
11%
Tunisie Attaquant FC Sochaux Francileudo Dos Santos
8%
Tunisie Défenseur Droit Ajax Amsterdam Hatem Trabelsi
5%
Mali Milieu de terrain Olympique Lyonnais Mahamadou Diarra
5%
Egypte Gardien de but Al Ahly Essam El-Hadari
2%
Egypte Défenseur Droit Al Ahly Ahmed Fathy
1%
Tunisie Ailier Gauche Al Duhail Youssef Msakni
1%
Aucun quiz correspondant
Distribution des résultats
% des personnes avec chaque résultat
Percentile par nombre de réponses
Votre historique - résultats
Vous n’avez pas pris ce quiz